000 00699nam a2200289Ia 4500
005 20260324134836.0
008 008 260324s9999 xx 000 0 eng d
020 _a9781315023687
037 _aEBOOK
040 _aCRL
040 _beng
040 _cCRL
041 _2eng
041 _aeng
084 _qCRL
100 _aPeter Galison; David Kaiser; Michael Gordin
_91198372
245 4 _aThe Roots of Special Relativity
245 0 _bScience and Society
260 _bTaylor and Francis
260 _c2001
365 _a
365 _b230
856 _uhttp://www.taylorfrancis.com/books/9781315023687
942 _cEBOOK
999 _c1798834
_d1798834